Landscrapers: Building with the Land (Record no. 11213)
[ view plain ]
| 000 -LEADER | |
|---|---|
| fixed length control field | 00206 a2200085 4500 |
| 020 ## - INTERNATIONAL STANDARD BOOK NUMBER | |
| International Standard Book Number | 9780500285381 |
| 100 ## - MAIN ENTRY--PERSONAL NAME | |
| Personal name | Betsky, Aaron |
| 245 ## - TITLE STATEMENT | |
| Title | Landscrapers: Building with the Land |
| 260 ## - PUBLICATION, DISTRIBUTION, ETC. | |
| Name of publisher, distributor, etc. | Thames & Hudson |
| Date of publication, distribution, etc. | 2006 |
| Withdrawn status | Lost status | Source of classification or shelving scheme | Damaged status | Not for loan | Permanent Location | Current Location | Date acquired | Source of acquisition | Cost, normal purchase price | Barcode | Date last seen | Cost, replacement price | Price effective from | Koha item type |
|---|---|---|---|---|---|---|---|---|---|---|---|---|---|---|
| BMS College of Architecture, Design and Planning | BMS College of Architecture, Design and Planning | 2023-03-07 | 10 | 2025.70 | AR-UG2881 | 2023-03-07 | 2893.86 | 2023-03-07 | UG Books |